Landen zonder ambassade in België - Statistieken

Algemene statistieken
  • Deze quiz is 45 keer genomen
  • De gemiddelde score is 5 van 12
Antwoorden op de kaart
Antwoorden kleurgecodeerd door een groen-rode schaal op de quizkaart volgens % correct hieronder.
 
Antwoordstatistieken
Land zonder ambassade % Correct
Noord-Korea
75%
Kiribati
61%
Nauru
56%
Tonga
56%
Marshalleilanden
53%
Micronesia
53%
Syrië
36%
Taiwan
33%
Zweden
31%
Cyprus
25%
Equatoriaal Guinea
25%
Filipijnen
19%
Geen overeenkomende quizzen gevonden
Scoreverdeling
Procent van Mensen met Elke Score
Percentiel versus Aantal Correcte Antwoorden
Uw Scoregeschiedenis
U heeft deze quiz nog niet genomen